| 000 | 01309nam2a22002651 4500 | ||
|---|---|---|---|
| 001 | rc\346524 | ||
| 005 | 20250612181240.0 | ||
| 010 |
_a5-02-012976-3 _95000 |
||
| 035 | _a(NLR Aleph) 008773688 | ||
| 090 |
_a7939585 _c7939585 |
||
| 100 | _a20030307d1992 |||y0rusy50 ca | ||
| 101 | 0 | _arus | |
| 102 | _aRU | ||
| 105 | _ay ||||||||| | ||
| 200 | 1 |
_aОтрасли международного права _f[В.Д. Бордунов, В.С. Верещетин, С.В. Виноградов и др.] _gОтв. ред. В.С. Верещетин _g[Рос. акад. наук, Ин-т государства и права] |
|
| 210 |
_d1992 _aБ. м. |
||
| 215 | _a336 с. | ||
| 320 | _aПредм. указ.: с. 331-334 | ||
| 461 | 0 |
_1001rc\346522 _12001#$aКурс международного права$eВ 7 т.$fРедкол.: В.Н. Кудрявцев (гл. ред.) и др.$g[АН СССР, Ин-т государства и права]$vТ. 5 _99562285 _cМ. _d1989- _fРедкол.: В.Н. Кудрявцев (гл. ред.) и др. _nНаука _oВ 7 т. _tКурс международного права _vТ. 5 |
|
| 701 | 1 |
_aБордунов _bВ.Д. _gВиталий Дмитриевич |
|
| 801 | 0 |
_aRU _bNLR _gpsbo |
|
| 801 | 1 |
_aRU _bELAR _2rusmarc |
|
| 852 |
_aNLR _j89-5/6529 |
||
| 942 | _cBOOK | ||
| 980 | _aNB | ||